|
|
|
|
| LEADER |
00000nam0a2200000 4500 |
| 001 |
363996 |
| 005 |
20231102011638.0 |
| 035 |
|
|
|a (RuTPU)RU\TPU\retro\21345
|
| 090 |
|
|
|a 363996
|
| 100 |
|
|
|a 20211022d1981 km y0rusy50 ca
|
| 101 |
0 |
|
|a rus
|
| 102 |
|
|
|a MD
|
| 105 |
|
|
|a y z 001zy
|
| 200 |
1 |
|
|a Введение в теорию топологических колец и модулей
|f В. И. Арнаутов, М. И. Водинчар, Л. А. Михалев
|g Академия наук Молдавской ССР, Институт математики с вычислительным центром ; отв. ред. Л. А. Скорняков
|
| 210 |
|
|
|a Кишинев
|c Штиинца
|d 1981
|
| 215 |
|
|
|a 176 с.
|
| 320 |
|
|
|a Библиогр.: с. 165-166
|
| 320 |
|
|
|a Указатель обозначений: с. 167
|
| 320 |
|
|
|a Предметный указатель: с. 168-173
|
| 320 |
|
|
|a Условия: с. 174
|
| 606 |
1 |
|
|a Алгебраическая топология
|2 stltpush
|3 (RuTPU)RU\TPU\subj\65718
|9 82154
|
| 610 |
1 |
|
|a теория множеств
|
| 610 |
1 |
|
|a алгебра
|
| 610 |
1 |
|
|a понятия
|
| 610 |
1 |
|
|a свойства
|
| 610 |
1 |
|
|a топологические кольца
|
| 610 |
1 |
|
|a топологические модули
|
| 610 |
1 |
|
|a псевдонормируемость
|
| 675 |
|
|
|a 551.14
|v 4
|
| 700 |
|
1 |
|a Арнаутов
|b В. И.
|g Владимир Иванович
|
| 701 |
|
1 |
|a Водинчар
|b М. И.
|g Михаил Иванович
|
| 701 |
|
1 |
|a Михалев
|b А. В.
|g Александр Васильевич
|
| 702 |
|
1 |
|a Скорняков
|b Л. А.
|4 340
|
| 712 |
0 |
2 |
|a Академия наук Молдавской ССР
|b Институт математики с вычислительным центром
|2 stltpush
|3 (RuTPU)RU\TPU\col\15145
|9 26090
|
| 801 |
|
1 |
|a RU
|b 63413507
|c 20211022
|
| 942 |
|
|
|c BK
|